Subdesarrollo y estancamiento en América Latina / (Registro nro. 38911)
[ vista simple ]
| 000 -CABECERA | |
|---|---|
| campo de control de longitud fija | 00573nam a2200157 a 4500 |
| 001 - NÚMERO DE CONTROL | |
| campo de control | 000039421 |
| 005 - FECHA Y HORA DE LA ÚLTIMA TRANSACCIÓN | |
| campo de control | 20201002031637.0 |
| 008 - DATOS DE LONGITUD FIJA--INFORMACIÓN GENERAL | |
| campo de control de longitud fija | 130626s1966 ag 000 0 spa d |
| 040 ## - FUENTE DE LA CATALOGACIÓN | |
| Centro catalogador/agencia de origen | DO-SdBNP |
| Lengua de catalogación | spa |
| Centro/agencia transcriptor | BNPHU |
| 100 1# - ENTRADA PRINCIPAL--NOMBRE DE PERSONA | |
| Nombre de persona | Furtado, Celso |
| 9 (RLIN) | 47241 |
| 245 10 - MENCIÓN DE TÍTULO | |
| Título | Subdesarrollo y estancamiento en América Latina / |
| Mención de responsabilidad, etc. | Celso Furtado ; traductor Samira Chuahy. |
| 260 ## - PUBLICACIÓN, DISTRIBUCIÓN, ETC. | |
| Lugar de publicación, distribución, etc. | Argentina : |
| Nombre del editor, distribuidor, etc. | Editorial Universitaria de Buenos Aires, |
| Fecha de publicación, distribución, etc. | 1966. |
| 300 ## - DESCRIPCIÓN FÍSICA | |
| Extensión | 135 p. ; |
| Dimensiones | 19 cm. |
| 500 ## - NOTA GENERAL | |
| Nota general | Incluye datos biográficos del autor en la contracubierta |
| 700 1# - PUNTO DE ACCESO ADICIONAL--NOMBRE DE PERSONA | |
| Nombre de persona | Chuahy, Samira, |
| Término indicativo de función/relación | trad. |
| 9 (RLIN) | 65618 |
| Estado de retiro | Estado de pérdida | Restricciones de uso | No para préstamo | Código de colección | Localización permanente | Ubicación/localización actual | Ubicación en estantería | Fecha de adquisición | Número de inventario | Total de préstamos | Signatura topográfica completa | Código de barras | Fecha visto por última vez | Precio válido a partir de | Tipo de ítem Koha |
|---|---|---|---|---|---|---|---|---|---|---|---|---|---|---|---|
| Monografías: Libros y Folletos | General | General | En catalogación | 26.06.2013 | LF1 | 39421-10 | 25.06.2020 | 25.06.2020 | Préstamo en sala |
